000 00608nam a2200205 a 4500
001 000024637
005 20200930023300.0
008 110127s2001 mx r 000 j spa d
020 _a9681908902
040 _aDO-SdBNP
_bspa
_cBNPHU
082 _a863.64
_bM385i
100 1 _aMartínez Gil, Fernando,
_d1956-
_950548
245 1 3 _aLa isla soñada /
_cFernando Martínez Gil.
260 _aMéxico, D. F. :
_bAlfaguara,
_c2001.
300 _a161 p. ;
_c22 cm.
650 4 _aCuentos juveniles españoles
_950549
650 4 _aCuentos españoles
_93194
650 4 _aLiteratura española
_9632
049 _aBNGR
999 _c24130
_d24130